02145nam a2200301 i 4500001001000000003001000010005001700020008004100037020001800078040004800096041001300144082002400157100003200181240002500213245009000238264004400328264001100372300002700383336002700410337003300437338002800470490004600498500002100544505116600565563001401731630005601745700004201801768714001CO-MdFUSB20260325154603.0240917t1995 sp ||||| |||| 00| 0 spa d a84-254-1886-0 bspa.aCO-MdFUSBcCO-MdFUSBdCO-MdFUSBCerda aspahita 223a222.1207bSP768 aSpreafico, Ambrogio.eautor aIl libro dell'Esedo. 3aEl libro del Éxodo c/ Ambrogio Spreafico ; traducido por Marciano Villanueva Salas 1aBarcelona, España : bHerder,c[1995] 4a©1995 a217 páginasc; 20 cm 2rdacontentatextobtxt 2rdamediaasin mediaciónbn 2rdacarrieravolumenbnc aGuía espiritual del Antiguo Testamento  aIncluye índice gUn pueblo de esclavos (Éxodo 1) -- Moisés, el salvado de las aguas (Éxodo 2) -- La manifestación de Dios (Éxodo 3,1-6) -- La misión de Moisés (Éxodo 3,7-4,17) -- Un texto sacerdotal (Éxodo 6,2-9) -- La primera plaga (Éxodo 7,14-25) -- La Pascua (Éxodo 12,1-28) -- «Mi fuerza y mi canto es el Señor. Él me ha salvado» (Éxodo 13,17-14,31) -- El amor de Dios y la resistencia de Israel (Éxodo 16,1-16) -- El agua que brota de la roca (Éxodo 17,1-7) Israel «se querella» con Dios -- «Haremos todo cuanto ha dicho Yahveh» (Éxodo 19,1-8) -- El decálogo (Éxodo 20,1-17) -- El derecho del pobre (Éxodo 22,20-26) -- La justicia ante los tribunales (Éxodo 23,1-9) -- «Allí me entrevistaré contigo» (Éxodo 25, 1-22) -- «El sábado es una señal entre mí y vos- otros>> (Éxodo 31,12-17) -- El becerro de oro (Éxodo 32,1-14) -- «Yahveh hablaba con Moisés cara a cara» (Éxodo 33,7-23) -- Un Dios que perdona a su pueblo (Éxodo 34,1-7) -- La morada de Dios entre los hombres (Éxodo 40,1-15) -- Hacia la tierra (Deuteronomio 6,10-13) -- Hacia el futuro: Dios protege a su pueblo (Éxodo 40,34-38)  aRústica07aBiblia.pÉxodoxCrítica, interpretación, etc.1 aVillanueva Salas, Marcianoetraductor